REGIONAL training course in community forestry development techniques, January 22 - February 28, 1990

Bibliographic Details
Format: Book
Published: (Bangkok, Thailand; Tokyo, Japan : Royal Thai Government; The Government of Japan) , 1990
Subjects:

MARC

LEADER 00000cam a2200000 7i4500
001 0000003051
005 20040414.0
090 0 0 |a NK333.7515   |b REG 1990 
245 0 0 |a REGIONAL training course in community forestry development techniques, January 22 - February 28, 1990 
260 0 0 |a (Bangkok, Thailand; Tokyo, Japan :   |b Royal Thai Government; The Government of Japan) ,   |c 1990 
300 |a Various pagings :   |b ill. ;   |c 30 cm. 
500 0 0 |a Includes bibliographical references 
650 0 0 |a Community forestry 
650 0 0 |a Community forests 
998 |a JPSM 
999 |a 0000004532   |b Monograph   |c Open Shelf   |e Default branch